| 000 | 01596nam a2200301Ia 4500 | ||
|---|---|---|---|
| 999 |
_c40454 _d40454 |
||
| 001 | 7063 | ||
| 003 | GE_BSU | ||
| 005 | 20231002105825.0 | ||
| 008 | 181216s2008||||ge |||||||||||||| ||geo|| | ||
| 020 | _a978994024131 | ||
| 040 | _cGE_BSU | ||
| 041 | _ageo | ||
| 080 | _a82-93+821.353.1-32 ჭ-65 | ||
| 100 |
_aჭონქაძე, დანიელ _97535 |
||
| 245 |
_aსურამის ციხე ; სოლომონ ისაკიჩ მეჯღანუაშვილი / _cდანიელ ჭონქაძე ; ლავრენტი არდაზიანი ; შეადგ., რედ. გაუკეთა და განმარტ. დაურთო თამარ ჯავახიშვილმა ; მხატვ. ლევან სილაგაძე]. |
||
| 264 |
_aთბილისი : _bანბანი, _c2008. |
||
| 300 |
_a96 გვ. : _bილ. ; _c29 სმ. |
||
| 490 | _aსაყმაწვილო ბიბლიოთეკა | ||
| 541 | _h8ლ. | ||
| 653 | _aმოთხრობა | ||
| 653 | _aრომანი | ||
| 653 | _aსოლომონ ისაკიჩ მეჯღანუაშვილი. | ||
| 653 | _aსურამის ციხე | ||
| 700 |
_aარდაზიანი, ლავრენტი _eავტორი _94309 |
||
| 700 |
_aჯავახიშვილი,თამარ _eშემდგენელ-რედაქტორი _919966 |
||
| 700 |
_aსილაგაძე, ლევან _eილუსტრატორი _919967 |
||
| 942 |
_cBK _2udc |
||